Normal view
MARC view
Entry Personal Name
001 - CONTROL NUMBER
- control field: 11696
003 - CONTROL NUMBER IDENTIFIER
- control field: BD-RjUL
005 - DATE AND TIME OF LATEST TRANSACTION
- control field: 20240212162243.0
008 - FIXED-LENGTH DATA ELEMENTS
- fixed length control field: 240212|| aca||aabn | a|a d
040 ## - CATALOGING SOURCE
- Original cataloging agency: BD-RjUL
- Transcribing agency: BD-RjUL
100 ## - HEADING--PERSONAL NAME
- Personal name: বেগম রোকেয়া সাখাওয়াত হোসেন
- Dates associated with a name: ১৮৮০-১৯৩২
670 ## - SOURCE DATA FOUND
- Source citation: Work cat.: (BD-RjUL)83070: আলম, তাহমিনা 11695, বেগম রোকেয়া সাখাওয়াত হোসেন চিন্তা-চেতনার ধারা ও সমাজকর্ম /, ১৯৯০